000 00618nam a2200217 a 4500
001 BRCA_6172
005 20190320205346.0
008 070711s1899----nyua######---#000-0#eng-#
041 _aeng
044 _anyu
050 4 _aPZ3
_b.T835 Pu
_c1899
100 1 _aTwain, Mark
_d1835-1910.
_915549
245 1 0 _aPudd´nhead Wilson
_band Those Extraordinary Twins
_cby Mark Twain (Samuel L. Clemens).
260 _aNueva York
_bHarper
_cc1899
300 _aix, 323 p.
_bil.
_c20 cm.
500 _aK55
650 1 4 _aLiteratura estadounidense
_915550
700 1 _aClemens, Samuel L.
_915551
902 _aGFM
942 _2lcc
_cB
999 _c5859
_d5859